logo

Bir Sreshtho Munshi Abdur Rouf Library
Jhenaidah Cadet College

Human Behavior at Work Human relations and Organizational Behavior / (Record no. 6788)

MARC details
000 -LEADER
fixed length control field 00652nam a22002297a 4500
001 - CONTROL NUMBER
JCCL Control Number 6788
003 - CONTROL NUMBER IDENTIFIER
JCCL marc code BD-JhCC
005 - DATE AND TIME OF LATEST TRANSACTION
control field 20180207124828.0
008 - FIXED-LENGTH DATA ELEMENTS--GENERAL INFORMATION
fixed length control field 180130b xxu||||| |||| 00| 0 eng d
035 ## - SYSTEM CONTROL NUMBER
system control number (BD-JhCC)6788
040 ## - CATALOGING SOURCE
Original cataloging agency BD-JhCC
Modifying agency BD-JhCC
041 ## - LANGUAGE CODE
Language code of Book eng
082 ## - DEWEY DECIMAL CLASSIFICATION NUMBER
Classification number 658.3
Author mark and Year DAV 1972
100 ## - MAIN ENTRY--PERSONAL NAME
Personal name Davis, Keith
245 ## - TITLE STATEMENT
Title Human Behavior at Work Human relations and Organizational Behavior /
Statement of responsibility, etc Keith Davis
260 ## - PUBLICATION, DISTRIBUTION, ETC. (IMPRINT)
Place of publication, distribution, etc New Delhi :
Name of publisher, distributor, etc Tata Mc Graw- Hill Publishing Company Ltd.
Date of publication, distribution, etc 1975.
300 ## - PHYSICAL DESCRIPTION
Pagination 583 p. :
Dimensions 26 cm.
650 ## - SUBJECT ADDED ENTRY--TOPICAL TERM
Topical term or geographic name as entry element Industrial Sociology
650 ## - SUBJECT ADDED ENTRY--TOPICAL TERM
Topical term or geographic name as entry element Organizational behavior
942 ## - ADDED ENTRY ELEMENTS (KOHA)
Source of classification or shelving scheme Dewey Decimal Classification
Koha item type Books
Holdings
Source of classification or shelving scheme Damaged status Not for loan Home library Current library Shelving location Total Checkouts Full call number Barcode Date last seen Copy number Koha item type
Dewey Decimal Classification     JCC Rouf Library JCC Rouf Library General Stacks   658.3 DAV 1972 9340 01/30/2018 C - 1 Books

JCC Library | Contacts | JCC Home

Last Update on 23 September 2017
Copyright @ 2017-2020 JCC Rouf Library
Rouf Library, Jhenidah Cadet College (JCC), Bangladesh